ا ر د و ا و ر ا ڑ يا کا ا فسا نو ی ا د ب تر قی پسند ی کے تنا ظر ميں (Record no. 168340)
[ view plain ]
| 000 -LEADER | |
|---|---|
| fixed length control field | 00779nam a22001937a 4500 |
| 005 - DATE AND TIME OF LATEST TRANSACTION | |
| control field | 20191004151539.0 |
| 010 ## - LCCN (DPL NO) | |
| LC control number | UR-10522 |
| 020 ## - INTERNATIONAL STANDARD BOOK NUMBER | |
| Terms of availability | 350.00 |
| International Standard Book Number | 9789350731024 |
| 035 ## - SYSTEM CONTROL NUMBER | |
| System control number | U-9077 |
| 037 ## - SOURCE OF ACQUISITION | |
| Source of stock number/acquisition | DBAD/PUB |
| Stock number | - |
| 082 ## - DEWEY DECIMAL CLASSIFICATION NUMBER | |
| Classification number | 440 |
| 100 ## - MAIN ENTRY--PERSONAL NAME | |
| Personal name | شيخ مبين ا للہ |
| 245 ## - TITLE STATEMENT | |
| Title | ا ر د و ا و ر ا ڑ يا کا ا فسا نو ی ا د ب تر قی پسند ی کے تنا ظر ميں |
| Statement of responsibility, etc | شيخ مبين ا للہ |
| 246 ## - VARYING FORM OF TITLE | |
| Remainder of title | Urdu And Odia Fictions in the Perspective of Progressive Movement(Urdu) |
| Title proper/short title | by Dr. Sheikh Mobinullah |
| 260 ## - PUBLICATION, DISTRIBUTION, ETC. (IMPRINT) | |
| Place of publication, distribution, etc | Delhi |
| Name of publisher, distributor, etc | Educational publishing House |
| Date of publication, distribution, etc | 2013 ء |
| 270 ## - ADDRESS | |
| Address | 3108,Vakil Street,Kucha Pandit, Lal Kuan |
| City | Delhi |
| Postal code | 110006 |
| Telephone number | 23216162 |
| Fax number | - |
| 300 ## - PHYSICAL DESCRIPTION | |
| Extent | 352ص |
| Dimensions | 22 Cm(Hb) |
| 942 ## - ADDED ENTRY ELEMENTS (KOHA) | |
| Source of classification or shelving scheme | Dewey Decimal Classification |
| Item type | Urdu Bks |
| Classification part | 440 |
| Call number suffix | ش ے خ |
| Withdrawn status | Lost status | Not for loan | Collection code | Home library | Current library | Date acquired | Source of acquisition | Cost, normal purchase price | Full call number | Barcode | Copy number | Cost, replacement price | Koha item type |
|---|---|---|---|---|---|---|---|---|---|---|---|---|---|
| Not For Loan | Non-fiction | D.B.Act.Division | D.B.Act.Division | 04/10/2019 | DBAD/PUB | 350.00 | 440 ش ے خ | U-9077 | 1 | 350.00 | Urdu Bks |
